书目信息 |
| 题名: |
虚拟谋杀
|
|
| 作者: | 冯华 著 | |
| 分册: | ||
| 出版信息: | 南京 江苏文艺出版社 2001 |
|
| 页数: | 290页 | |
| 开本: | 20cm | |
| 丛书名: | ||
| 单 册: | ||
| 中图分类: | I247.5 | |
| 科图分类: | ||
| 主题词: | 长篇小说--中国--当代 | |
| 电子资源: | ||
| ISBN: | 7-5399-1550-1 | |
| 000 | 00783nam0 2200241 450 | |
| 001 | 192004001280 | |
| 005 | 20070905162813.34 | |
| 010 | @a7-5399-1550-1@dCNY18.00 | |
| 100 | @a20070531d2001 ekmy0chiy0121 ea | |
| 101 | 0 | @achi |
| 102 | @aCN@b320000 | |
| 105 | @ay z 000ay | |
| 200 | 1 | @a虚拟谋杀@Axu ni mou sha@d= Virtual Murder@f冯华著@zeng |
| 210 | @a南京@c江苏文艺出版社@d2001 | |
| 215 | @a290页@d20cm | |
| 300 | @a并列题名:Virtual Murder | |
| 330 | @a一场风花雪月德网恋,一桩诡异离奇德谋杀,是解脱,还是毁灭?明知痴爱着情人已染上艾滋病, 却近似疯狂地与之做爱, 最后用硫酸融化了她, 是真, 是假? | |
| 510 | 1 | @aVirtual Murder@zeng |
| 606 | 0 | @a长篇小说@y中国@z当代 |
| 690 | @aI247.5@v4 | |
| 701 | 0 | @a冯华@Afeng hua@4著 |
| 801 | 0 | @aCN@c20070905 |
| 905 | @dI247.5@eF460 | |
| 虚拟谋杀= Virtual Murder/冯华著.-南京:江苏文艺出版社,2001 |
| 290页;20cm |
| 并列题名:Virtual Murder |
| ISBN 7-5399-1550-1:CNY18.00 |
| 一场风花雪月德网恋,一桩诡异离奇德谋杀,是解脱,还是毁灭?明知痴爱着情人已染上艾滋病, 却近似疯狂地与之做爱, 最后用硫酸融化了她, 是真, 是假? |
| ● |
| 相关链接 |
|
|
|
正题名:虚拟谋杀
索取号:I247.5/F460
 
预约/预借
| 序号 | 登录号 | 条形码 | 馆藏地/架位号 | 状态 | 备注 |
| 1 | 623509 | 206235091 | 文学库108/108文学库 27排8列5层/ [索取号:I247.5/F460] | 在馆 | |
| 2 | 623510 | 206235108 | 文学库108/400B社科库 26排3列2层/ [索取号:I247.5/F460] | 在馆 | |
| 3 | 623511 | 206235117 | 文学库108/108文学库 27排8列5层/ [索取号:I247.5/F460] | 在馆 |